[Event "46th GRE-chT Premier 2018"]
[Site "Rio Achaia"]
[Date "2018.07.13"]
[Round "5"]
[White "Lekic, Dusan"]
[Black "Fier, Alexandr"]
[Result "0-1"]
[WhiteElo "2356"]
[BlackElo "2570"]
[Annotator "TA"]
[PlyCount "68"]
[EventDate "2018.07.10"]
[EventType "team-tourn"]
[EventCountry "GRE"]
[SourceTitle "playchess.com"]
[Source "ChessBase"]
[SourceQuality "1"]

1. d4 Nf6 2. c4 e6 3. Nf3 d5 4. g3 Bb4+ 5. Bd2 Be7 6. Bg2 O-O 7. O-O c6 8. Qc2 Nbd7 9. Rd1 b6 10. b3 Ba6 11. a4 Bd6 12. Bg5 h6 13. Bxf6 Nxf6 14. Nbd2 Bb4 15. e4 Rc8 16. Rac1 Qe7 17. Bf1 Bb7 18. Qb1 c5 19. exd5 exd5 20. Nh4 cxd4 21. Nf5 Qc5 22. Bg2 Ba3 23. Rc2 d3 24. Ra2 Ne4 25. Nxe4 dxe4 26. Bh3 Bb4 27. Qa1 f6 28. Qd4 Rcd8 29. Qxc5 Bxc5 30. a5 g6 31. Nxh6+ Kg7 32. Ng4 Bc8 33. axb6 Bxb6 34. b4 Be6 0-1

[Event "46th GRE-chT Premier 2018"]
[Site "Rio Achaia"]
[Date "2018.07.13"]
[Round "5"]
[White "Papadopoulos, Georgios"]
[Black "Mihailidis, Anastasios"]
[Result "0-1"]
[WhiteElo "2352"]
[BlackElo "2265"]
[Annotator "NA"]
[PlyCount "111"]
[EventDate "2018.07.10"]
[EventType "team-tourn"]
[EventCountry "GRE"]
[SourceTitle "playchess.com"]
[Source "ChessBase"]
[SourceQuality "1"]

1. d4 d5 2. Bf4 Nf6 3. e3 e6 4. Nf3 Bd6 5. Bxd6 Qxd6 6. c4 O-O 7. Nc3 a6 8. Rc1 Nbd7 9. cxd5 exd5 10. Be2 c6 11. O-O Ne4 12. Ne1 Qh6 13. Nd3 Ndf6 14. Nxe4 Nxe4 15. Nc5 Nxc5 16. dxc5 Qf6 17. Qd4 Qxd4 18. exd4 Bf5 19. f3 Rfe8 20. Kf2 Re7 21. Rfe1 Rae8 22. Bf1 Kf8 23. Rxe7 Rxe7 24. Re1 Rxe1 25. Kxe1 Ke7 26. Kd2 Kd8 27. b4 h6 28. Ke3 Bb1 29. a3 Bf5 30. Kf4 Bd7 31. Bd3 g5+ 32. Kg3 Ke7 33. f4 f6 34. Be2 Kf7 35. Bh5+ Kg7 36. h4 Bc8 37. fxg5 fxg5 38. Be2 Kf6 39. hxg5+ Kxg5 40. Bd3 Bf5 41. Bf1 h5 42. a4 h4+ 43. Kf3 Be4+ 44. Ke3 Kg4 45. Kf2 Kf4 46. b5 axb5 47. axb5 Bf5 48. bxc6 bxc6 49. Be2 Ke4 50. g4 hxg3+ 51. Kxg3 Kxd4 52. Kf4 Bd3 53. Bh5 Kxc5 54. Ke5 Bf1 55. Bf3 Bc4 56. Bg4 0-1

[Event "46th GRE-chT Premier 2018"]
[Site "Rio Achaia"]
[Date "2018.07.13"]
[Round "5"]
[White "Mitsis, Georgios"]
[Black "Nikolov, Momchil"]
[Result "0-1"]
[WhiteElo "2350"]
[BlackElo "2551"]
[Annotator "TA"]
[PlyCount "180"]
[EventDate "2018.07.10"]
[EventType "team-tourn"]
[EventCountry "GRE"]
[SourceTitle "playchess.com"]
[Source "ChessBase"]
[SourceQuality "1"]

1. d4 Nf6 2. Nf3 g6 3. c4 d6 4. Nc3 Bf5 5. Qb3 b6 6. g3 Bg7 7. Bg2 Nc6 8. Qd1 O-O 9. O-O Ne4 10. Nxe4 Bxe4 11. e3 d5 12. b3 dxc4 13. bxc4 e5 14. Bb2 exd4 15. exd4 Na5 16. Re1 Re8 17. Rxe4 Rxe4 18. Ne5 Rxe5 19. dxe5 Rb8 20. Qe2 Qe7 21. Bf1 Rd8 22. Qe3 Qe6 23. Qc3 Nc6 24. Re1 Bf8 25. Qc2 Bb4 26. Rd1 Rxd1 27. Qxd1 Bc5 28. Qd3 Nxe5 29. Qd8+ Bf8 30. Qxc7 Nf3+ 31. Kg2 Ne1+ 32. Kg1 Qe4 33. Qf4 Nf3+ 34. Kg2 Nh4+ 35. Kg1 Qxf4 36. gxf4 Bd6 37. Bc1 Kf8 38. Be2 Ke7 39. Be3 Bc5 40. Bd2 Kf6 41. Bg4 Ke7 42. Kf1 h5 43. Bd1 Nf5 44. Bc2 Nd4 45. Be4 Bd6 46. Kg2 f5 47. Bd5 Bc5 48. Kg3 a5 49. Kh4 Ne6 50. Be3 Nc7 51. Bb7 Kf6 52. Kg3 Ne6 53. Bd5 Nc7 54. Bb7 Ne6 55. Bd5 Bxe3 56. fxe3 Nc5 57. Kf3 g5 58. fxg5+ Kxg5 59. Kg3 h4+ 60. Kf3 Nd3 61. a3 Ne5+ 62. Ke2 Kg4 63. Be6 Kg5 64. Bd5 Kf6 65. h3 Nd7 66. Kf3 Ke5 67. Bc6 Nc5 68. Ke2 Ne4 69. Ba8 Ng5 70. Bg2 Kd6 71. Kd3 Kc5 72. Kc3 Kd6 73. Kb3 Ne6 74. Bd5 Nc5+ 75. Kc3 Ke5 76. Bc6 Ne4+ 77. Kb3 Nc5+ 78. Kc3 Ne6 79. Bd5 Ng5 80. Bg2 f4 81. exf4+ Kxf4 82. Kd4 Kg3 83. Bc6 Nxh3 84. Bd7 Nf2 85. c5 bxc5+ 86. Kxc5 Ng4 87. Kb5 h3 88. Kxa5 h2 89. Bc6 Ne3 90. a4 Ng2 0-1

[Event "46th GRE-chT Premier 2018"]
[Site "Rio Achaia"]
[Date "2018.07.13"]
[Round "5"]
[White "Papakonstantinou, Dimitrios"]
[Black "Giatrakos, Orestis"]
[Result "*"]
[WhiteElo "2336"]
[BlackElo "1860"]
[Annotator "NA"]
[PlyCount "33"]
[EventDate "2018.07.10"]
[EventType "team-tourn"]
[EventCountry "GRE"]
[SourceTitle "playchess.com"]
[Source "ChessBase"]
[SourceQuality "1"]

1. d4 Nf6 2. Nf3 e6 3. e3 b6 4. Bd3 Bb7 5. O-O Be7 6. b3 O-O 7. Nbd2 d5 8. Bb2 Nbd7 9. c4 Ne4 10. Qc2 f5 11. cxd5 exd5 12. Ne5 Bd6 13. Bb5 Nxd2 14. Qxd2 Bxe5 15. dxe5 a6 16. Be2 Re8 17. Qc2 *

[Event "46th GRE-chT Premier 2018"]
[Site "Rio Achaia"]
[Date "2018.07.13"]
[Round "5"]
[White "Georgiev, Krum"]
[Black "Tzagarakis, Panagiotis"]
[Result "1-0"]
[WhiteElo "2330"]
[BlackElo "1573"]
[Annotator "NA"]
[PlyCount "49"]
[EventDate "2018.07.10"]
[EventType "team-tourn"]
[EventCountry "GRE"]
[SourceTitle "playchess.com"]
[Source "ChessBase"]
[SourceQuality "1"]

1. e4 c5 2. b3 e6 3. Bb2 d6 4. g3 Nc6 5. Bg2 Nf6 6. Ne2 Bd7 7. O-O Be7 8. c4 O-O 9. d4 cxd4 10. Nxd4 a6 11. Nc3 Rc8 12. Nc2 Qa5 13. Qe2 Rfd8 14. Kh1 Be8 15. f4 Bf8 16. Rad1 Qc7 17. Ne3 Ne7 18. g4 Bc6 19. g5 Ne8 20. f5 exf5 21. exf5 f6 22. Ned5 Nxd5 23. Nxd5 Bxd5 24. Bxd5+ Kh8 25. Qe6 1-0

[Event "46th GRE-chT Premier 2018"]
[Site "Rio Achaia"]
[Date "2018.07.13"]
[Round "5"]
[White "Markidis, Konstantinos"]
[Black "Drakoulakos, Grigorios"]
[Result "1-0"]
[WhiteElo "2329"]
[BlackElo "2276"]
[Annotator "NA"]
[PlyCount "112"]
[EventDate "2018.07.10"]
[EventType "team-tourn"]
[EventCountry "GRE"]
[SourceTitle "playchess.com"]
[Source "ChessBase"]
[SourceQuality "1"]

1. e4 c5 2. Nf3 d6 3. Bb5+ Bd7 4. Bxd7+ Qxd7 5. c4 Nc6 6. Nc3 g6 7. d4 cxd4 8. Nxd4 Bg7 9. Be3 Nf6 10. f3 O-O 11. O-O a6 12. a4 e6 13. Rc1 Ne5 14. b3 Qc7 15. Qd2 Rfd8 16. Rfd1 Rac8 17. Kh1 Qa5 18. Bg5 Ned7 19. Rb1 h6 20. Be3 Kh7 21. Nde2 Ne5 22. Nd5 Qxd2 23. Nxf6+ Bxf6 24. Rxd2 Be7 25. Kg1 Kg7 26. Bd4 Kh7 27. Rbd1 Nd7 28. f4 Nc5 29. Bxc5 Rxc5 30. e5 d5 31. Kf1 b5 32. axb5 axb5 33. cxd5 exd5 34. Ra2 Rd7 35. Rd3 g5 36. g3 Kg6 37. Ra6+ Kf5 38. Rxh6 Ke4 39. Rd1 d4 40. fxg5 Rxe5 41. Rh4+ Kf5 42. Rhxd4 Ra7 43. Rd5 Rxd5 44. Rxd5+ Ke4 45. Nc3+ Ke3 46. Rxb5 Kd3 47. Na4 Rc7 48. Nb2+ Ke3 49. Nc4+ Ke4 50. Kg2 Bc5 51. h4 Bd4 52. Kh3 Ra7 53. Kg4 Ra1 54. Rf5 Ra7 55. Rxf7 Ra1 56. g6 Ra6 1-0

[Event "46th GRE-chT Premier 2018"]
[Site "Rio Achaia"]
[Date "2018.07.13"]
[Round "5"]
[White "Michna, Marta"]
[Black "Videnova, Iva"]
[Result "1-0"]
[WhiteElo "2322"]
[BlackElo "2369"]
[Annotator "NA"]
[PlyCount "121"]
[EventDate "2018.07.10"]
[EventType "team-tourn"]
[EventCountry "GRE"]
[SourceTitle "playchess.com"]
[Source "ChessBase"]
[SourceQuality "1"]

1. Nf3 Nf6 2. d3 g6 3. e4 c5 4. Be2 Bg7 5. O-O O-O 6. c3 Nc6 7. a4 e5 8. Na3 d5 9. Qc2 h6 10. Re1 Be6 11. Bf1 Nh5 12. g3 a6 13. Be3 d4 14. cxd4 cxd4 15. Bd2 Rc8 16. b4 Na5 17. Qd1 Nb3 18. Rb1 Nxd2 19. Nxd2 Rc3 20. Ndc4 Qe7 21. Rb2 Bxc4 22. Nxc4 b5 23. axb5 axb5 24. Nd2 Rfc8 25. Nb1 R3c7 26. Bh3 Ra8 27. Qb3 Nf6 28. Rf1 Ra4 29. f4 Bf8 30. Rbf2 Rxb4 31. Qd1 Bg7 32. Nd2 Rb2 33. fxe5 Nh7 34. e6 fxe6 35. e5 Ng5 36. Bg2 Bxe5 37. h4 Bxg3 38. Rf8+ Kg7 39. Qg4 Bxh4 40. Qxd4+ e5 41. Qxb2 Bg3 42. Qb3 Qxf8 43. Rxf8 Kxf8 44. Qxb5 Rc1+ 45. Bf1 Bf4 46. Qb8+ Kg7 47. Qa7+ Kf6 48. Nb3 Re1 49. Qa6+ Kf5 50. Qc8+ Kf6 51. Kf2 Re3 52. Qf8+ Ke6 53. Nc5+ Kd5 54. Bg2+ Kd4 55. Qd6+ Kc3 56. Qa6 Nh3+ 57. Kf1 e4 58. Qc4+ Kb2 59. Nxe4 Ng5 60. Qc3+ Ka2 61. Nd2 1-0

[Event "46th GRE-chT Premier 2018"]
[Site "Rio Achaia"]
[Date "2018.07.13"]
[Round "5"]
[White "Kofidis, Andreas"]
[Black "Tsanas, Athanasios"]
[Result "1/2-1/2"]
[WhiteElo "2321"]
[BlackElo "2302"]
[Annotator "NA"]
[PlyCount "85"]
[EventDate "2018.07.10"]
[EventType "team-tourn"]
[EventCountry "GRE"]
[SourceTitle "playchess.com"]
[Source "ChessBase"]
[SourceQuality "1"]

1. e4 c5 2. Nf3 d6 3. d4 cxd4 4. Nxd4 Nf6 5. Nc3 g6 6. f4 Nc6 7. Nxc6 bxc6 8. e5 Nd7 9. exd6 exd6 10. Be3 Nf6 11. Be2 Bg7 12. Bf3 O-O 13. O-O d5 14. Qd2 Ng4 15. Bc5 Re8 16. Rae1 Bf5 17. Rxe8+ Qxe8 18. Re1 Qd8 19. Ne2 Nf6 20. Nd4 Ne4 21. Bxe4 Bxe4 22. b4 Qd7 23. a4 Re8 24. c3 h5 25. Qf2 a6 26. a5 Bf6 27. Re3 Kh7 28. Ne2 Bg7 29. Bd4 Bh6 30. h3 Qf5 31. Qh4 Rg8 32. g4 Qd7 33. g5 Bg7 34. Bf6 Re8 35. Nd4 Bf8 36. Ne2 Bf5 37. Rxe8 Qxe8 38. Be5 Qd7 39. Kh2 c5 40. Ng3 Kg8 41. bxc5 Bd3 42. f5 Bxf5 43. Bd6 1/2-1/2

[Event "46th GRE-chT Premier 2018"]
[Site "Rio Achaia"]
[Date "2018.07.13"]
[Round "5"]
[White "Bednarek, Sylwester"]
[Black "Koyias, Konstantinos"]
[Result "1-0"]
[WhiteElo "2307"]
[BlackElo "2192"]
[Annotator "NA"]
[PlyCount "79"]
[EventDate "2018.07.10"]
[EventType "team-tourn"]
[EventCountry "GRE"]
[SourceTitle "playchess.com"]
[Source "ChessBase"]
[SourceQuality "1"]

1. d4 c5 2. d5 e5 3. e4 d6 4. Nc3 a6 5. a4 b6 6. f4 exf4 7. Bxf4 Nd7 8. Nf3 f6 9. Be2 g6 10. Qd2 Ne5 11. O-O Nf7 12. a5 Bh6 13. axb6 Qxb6 14. Bb5+ Kd8 15. Bc6 Ra7 16. Bxh6 Ngxh6 17. Na4 Qc7 18. b4 cxb4 19. Qxb4 Bg4 20. Nd4 Ke7 21. h3 Bc8 22. Qd2 Rf8 23. c4 Ng8 24. Rac1 Nd8 25. c5 dxc5 26. Nxc5 Kf7 27. Nce6 Nxe6 28. dxe6+ Kg7 29. Bd7 Qb8 30. Nc6 Qb6+ 31. Kh1 Rc7 32. Qd6 Bxd7 33. exd7 Rd8 34. e5 Rdxd7 35. exf6+ Kh8 36. Qe5 Rf7 37. Nd8 Rcd7 38. Nxf7+ Rxf7 39. Rc8 Qb5 40. Qxb5 1-0

[Event "46th GRE-chT Premier 2018"]
[Site "Rio Achaia"]
[Date "2018.07.13"]
[Round "5"]
[White "Kouskoutis, Georgios-Alexandros"]
[Black "Apostolakakis, Konstantinos"]
[Result "1-0"]
[WhiteElo "2307"]
[BlackElo "2028"]
[Annotator "NA"]
[PlyCount "95"]
[EventDate "2018.07.10"]
[EventType "team-tourn"]
[EventCountry "GRE"]
[SourceTitle "playchess.com"]
[Source "ChessBase"]
[SourceQuality "1"]

1. c4 c5 2. g3 Nc6 3. Bg2 g6 4. Nc3 Bg7 5. e3 e5 6. Nge2 Nge7 7. O-O O-O 8. a3 d6 9. d3 Rb8 10. b4 cxb4 11. axb4 Nxb4 12. Rxa7 Na6 13. Ba3 Qb6 14. Nb5 Nc6 15. Rxa6 bxa6 16. Nxd6 Bd7 17. Ne4 Rfd8 18. Bd6 Rbc8 19. N2c3 Be6 20. c5 Qa5 21. Na4 Nb4 22. Ng5 Ba2 23. Nc3 Rxd6 24. Nxa2 Qxc5 25. Nxf7 Kxf7 26. Qb3+ Nd5 27. Nb4 Rb8 28. Bxd5+ Kf8 29. Nxa6 Rxb3 30. Nxc5 Rb5 31. Ne6+ Kg8 32. Bc4 Rb4 33. Ng5+ Kf8 34. Nxh7+ Ke7 35. Ng5 Rdb6 36. Ne4 Rb1 37. Rxb1 Rxb1+ 38. Kg2 Rb6 39. h4 Bh6 40. Kf3 Bg7 41. Ng5 Bf6 42. Nf7 Rb4 43. Nh6 Bg7 44. Ng4 Rb6 45. Ke4 Kd6 46. f4 exf4 47. exf4 Rb8 48. Bf7 1-0

[Event "46th GRE-chT Premier 2018"]
[Site "Rio Achaia"]
[Date "2018.07.13"]
[Round "5"]
[White "Argiroudis, Stamatis"]
[Black "Drakopoulos, Polihronis"]
[Result "1-0"]
[WhiteElo "2306"]
[BlackElo "2105"]
[Annotator "NA"]
[PlyCount "81"]
[EventDate "2018.07.10"]
[EventType "team-tourn"]
[EventCountry "GRE"]
[SourceTitle "playchess.com"]
[Source "ChessBase"]
[SourceQuality "1"]

1. d4 Nf6 2. Nf3 e6 3. e3 c5 4. Bd3 cxd4 5. exd4 b6 6. c4 Bb7 7. Nc3 Be7 8. O-O O-O 9. d5 exd5 10. cxd5 d6 11. Nd4 Nbd7 12. Nc6 Bxc6 13. dxc6 Ne5 14. Ba6 Rb8 15. Qa4 Qc7 16. Bb7 a6 17. Bg5 b5 18. Qxa6 Nxc6 19. Qxc6 Qxb7 20. Qxb7 Rxb7 21. a3 h6 22. Bf4 b4 23. axb4 Rxb4 24. Bc1 d5 25. Rd1 Rd8 26. Ra4 Rxa4 27. Nxa4 d4 28. Kf1 Ng4 29. Bf4 g5 30. h3 Nxf2 31. Kxf2 gxf4 32. Kf3 Bf6 33. Nc5 Kg7 34. Kxf4 Rb8 35. Nd3 Kg6 36. Ke4 Rb5 37. Rc1 Bg7 38. Rc6+ Kg5 39. b4 f5+ 40. Kf3 Bf8 41. Nf4 1-0

[Event "46th GRE-chT Premier 2018"]
[Site "Rio Achaia"]
[Date "2018.07.13"]
[Round "5"]
[White "Trimitzios, Petros"]
[Black "Skalkotas, Nikolaos"]
[Result "1-0"]
[WhiteElo "2300"]
[BlackElo "2044"]
[Annotator "NA"]
[PlyCount "77"]
[EventDate "2018.07.10"]
[EventType "team-tourn"]
[EventCountry "GRE"]
[SourceTitle "playchess.com"]
[Source "ChessBase"]
[SourceQuality "1"]

1. Nf3 Nf6 2. g3 b6 3. Bg2 Bb7 4. O-O g6 5. b3 Bg7 6. Bb2 O-O 7. d4 c5 8. c4 cxd4 9. Qxd4 d6 10. Nc3 Nbd7 11. Qd2 Ne4 12. Nxe4 Bxb2 13. Qxb2 Bxe4 14. Rfd1 Nf6 15. Nd2 Bxg2 16. Kxg2 Qc8 17. e4 Qb7 18. f3 Rac8 19. Rac1 a6 20. Nf1 b5 21. Ne3 Rfd8 22. Qd4 Rd7 23. Rc2 Qa7 24. Qxa7 Rxa7 25. Rdc1 b4 26. c5 Rxc5 27. Rxc5 dxc5 28. Rxc5 Rd7 29. Nc4 Rd1 30. Ra5 Rc1 31. Ne3 Nd7 32. Nd5 Rc2+ 33. Kh3 h5 34. Nxe7+ Kg7 35. Nd5 Rf2 36. f4 g5 37. fxg5 Ne5 38. Nf4 h4 39. Rxe5 1-0

[Event "46th GRE-chT Premier 2018"]
[Site "Rio Achaia"]
[Date "2018.07.13"]
[Round "5"]
[White "Spyropoulos, Nikolaos"]
[Black "Kyriakidis, Anastasios P"]
[Result "1-0"]
[WhiteElo "2293"]
[BlackElo "1352"]
[Annotator "NA"]
[PlyCount "51"]
[EventDate "2018.07.10"]
[EventType "team-tourn"]
[EventCountry "GRE"]
[SourceTitle "playchess.com"]
[Source "ChessBase"]
[SourceQuality "1"]

1. e4 c6 2. d4 d5 3. exd5 cxd5 4. Bd3 Nc6 5. c3 g6 6. Nf3 Nh6 7. O-O Bg7 8. Re1 O-O 9. Bf4 Bf5 10. Ne5 Bxd3 11. Nxd3 Nf5 12. Nd2 e6 13. a4 a6 14. Qb3 b6 15. Nf3 Qe7 16. Qxb6 Rfc8 17. Qb3 Na5 18. Qd1 Nc4 19. Re2 Nfd6 20. Nc5 Ne4 21. Nxe4 dxe4 22. Ne5 Nd6 23. h3 f5 24. Qb3 Rab8 25. Nc6 Qb7 26. Qxe6+ 1-0

[Event "46th GRE-chT Premier 2018"]
[Site "Rio Achaia"]
[Date "2018.07.13"]
[Round "5"]
[White "Giannoulakis, Lampros"]
[Black "Grivas, Efstratios"]
[Result "0-1"]
[WhiteElo "2287"]
[BlackElo "2431"]
[Annotator "TA"]
[PlyCount "104"]
[EventDate "2018.07.10"]
[EventType "team-tourn"]
[EventCountry "GRE"]
[SourceTitle "playchess.com"]
[Source "ChessBase"]
[SourceQuality "1"]

1. d4 g6 2. c4 Bg7 3. g3 d6 4. Bg2 c5 5. Nf3 cxd4 6. Nxd4 Qb6 7. Nb5 Nc6 8. O-O Nf6 9. N1c3 a6 10. Be3 Qa5 11. Nd4 Bd7 12. Qb3 O-O 13. Qxb7 Nxd4 14. Bxd4 Rab8 15. Qa7 e5 16. Be3 Rxb2 17. Ne4 Nxe4 18. Qxd7 Rd8 19. Qxd8+ Qxd8 20. Bxe4 f5 21. Bd5+ Kh8 22. Rab1 Qb8 23. Ba7 Qb4 24. Rbd1 Bh6 25. a3 Qc3 26. Rd3 Qa5 27. f4 Bg7 28. fxe5 Bxe5 29. e4 Qa4 30. Rdf3 Qc2 31. R3f2 Qd3 32. exf5 Rxf2 33. Rxf2 gxf5 34. Be6 Bd4 35. Bxd4+ Qxd4 36. Bxf5 Qa1+ 37. Kg2 Qxa3 38. Rf4 Qa5 39. Kh3 Qe5 40. Bc2 Qe2 41. Bf5 a5 42. Rh4 Qf1+ 43. Kg4 Qxc4+ 44. Kg5 Qc1+ 45. Kh5 Qc5 46. Kg4 Qc4+ 47. Kg5 Qg8+ 48. Kf4 a4 49. Rh6 a3 50. Be6 Qg7 51. Rh5 Qf6+ 52. Bf5 h6 0-1

[Event "46th GRE-chT Premier 2018"]
[Site "Rio Achaia"]
[Date "2018.07.13"]
[Round "5"]
[White "Michaelides, Konstantinos"]
[Black "Petrakis, Stylianos"]
[Result "1-0"]
[WhiteElo "2282"]
[BlackElo "2024"]
[Annotator "NA"]
[PlyCount "91"]
[EventDate "2018.07.10"]
[EventType "team-tourn"]
[EventCountry "GRE"]
[SourceTitle "playchess.com"]
[Source "ChessBase"]
[SourceQuality "1"]

1. d4 a6 2. a4 e6 3. c4 d5 4. Nf3 Nf6 5. g3 Bb4+ 6. Bd2 Nc6 7. Bg2 O-O 8. O-O Re8 9. Bxb4 Nxb4 10. a5 Rb8 11. Qa4 Qe7 12. c5 Nc6 13. Nc3 e5 14. dxe5 Nxe5 15. Nxe5 Qxe5 16. Nxd5 Nxd5 17. Bxd5 c6 18. Bf3 Qxc5 19. Rac1 Qg5 20. Rfd1 Be6 21. Qb4 Red8 22. h4 Qf6 23. Qb6 h6 24. Bg2 Qe7 25. e4 Rd7 26. Rxd7 Qxd7 27. Bf3 Qd8 28. Qb4 Qd3 29. Rc3 Qd2 30. Kg2 Kh8 31. Rc4 Rd8 32. Qxd2 Rxd2 33. Rb4 Rd7 34. Be2 Kg8 35. Kf3 Kf8 36. Ke3 Ke7 37. f4 f6 38. Bh5 Kd6 39. Rd4+ Kc5 40. b4+ Kb5 41. Be2+ Ka4 42. f5 Rxd4 43. Kxd4 c5+ 44. Kxc5 Bd7 45. Bc4 Bc8 46. Be6 1-0

[Event "46th GRE-chT Premier 2018"]
[Site "Rio Achaia"]
[Date "2018.07.13"]
[Round "5"]
[White "Radeva, Viktoria"]
[Black "Pavlidou, Ekaterini"]
[Result "1/2-1/2"]
[WhiteElo "2274"]
[BlackElo "2186"]
[Annotator "NA"]
[PlyCount "78"]
[EventDate "2018.07.10"]
[EventType "team-tourn"]
[EventCountry "GRE"]
[SourceTitle "playchess.com"]
[Source "ChessBase"]
[SourceQuality "1"]

1. e4 c5 2. Nf3 Nc6 3. d4 cxd4 4. Nxd4 g6 5. c4 Bg7 6. Be3 Nf6 7. Nc3 d6 8. Be2 O-O 9. O-O Bd7 10. f3 Nxd4 11. Bxd4 a5 12. Rc1 Bc6 13. Nd5 Bxd5 14. cxd5 Nd7 15. Bxg7 Kxg7 16. Qd4+ Kg8 17. f4 Rc8 18. Bg4 f5 19. exf5 gxf5 20. Bh3 Rxc1 21. Rxc1 Qb6 22. Qxb6 Nxb6 23. Rc7 Nxd5 24. Rxb7 e6 25. g3 Rc8 26. Rb5 Rc1+ 27. Kf2 Rc2+ 28. Kg1 Ne3 29. Rxa5 Rxb2 30. Ra6 Rd2 31. a4 Kf7 32. Ra7+ Kf6 33. Rxh7 Ra2 34. Ra7 d5 35. a5 d4 36. Rd7 Nd5 37. Bg2 Ra1+ 38. Kf2 Ra2+ 39. Kg1 Ra1+ 1/2-1/2

[Event "46th GRE-chT Premier 2018"]
[Site "Rio Achaia"]
[Date "2018.07.13"]
[Round "5"]
[White "Ratsma, Rosa"]
[Black "Zimina, Olga"]
[Result "0-1"]
[WhiteElo "2265"]
[BlackElo "2411"]
[Annotator "NA"]
[PlyCount "108"]
[EventDate "2018.07.10"]
[EventType "team-tourn"]
[EventCountry "GRE"]
[SourceTitle "playchess.com"]
[Source "ChessBase"]
[SourceQuality "1"]

1. e4 c6 2. Nc3 d5 3. Nf3 Bg4 4. h3 Bxf3 5. gxf3 g6 6. d4 Bg7 7. Be3 e6 8. Qd3 Nd7 9. O-O-O Qa5 10. Kb1 O-O-O 11. Ne2 Ngf6 12. e5 Ng8 13. h4 h5 14. Bg5 Re8 15. c4 Qa6 16. Nf4 dxc4 17. Qc2 Nb6 18. b3 cxb3 19. Qxc6+ bxc6 20. Bxa6+ Kb8 21. axb3 Bh6 22. Nh3 Nd5 23. Rc1 Nb4 24. Be2 Kb7 25. Rc4 a5 26. Kb2 Kb6 27. Ra1 Bxg5 28. Nxg5 Nh6 29. f4 Re7 30. Rc5 Ra8 31. Kc3 Nf5 32. Nf3 Nd5+ 33. Kc4 Nxf4 34. Bf1 Rea7 35. Ra4 Ne7 36. Ng5 Ned5 37. Ne4 Kc7 38. Ra3 a4 39. b4 Nb6+ 40. Kc3 Nfd5+ 41. Kd2 Nxb4 42. Nd6 Kd8 43. Bg2 Rc7 44. Ke3 N4d5+ 45. Bxd5 cxd5 46. Kf4 Nc4 47. Rxc7 Kxc7 48. Nxc4 dxc4 49. Rc3 a3 50. Rxc4+ Kb6 51. Rc1 a2 52. Ra1 Kb5 53. Kg5 Kc4 54. Kf6 Ra7 0-1

[Event "46th GRE-chT Premier 2018"]
[Site "Rio Achaia"]
[Date "2018.07.13"]
[Round "5"]
[White "Avramidou, Anastasia"]
[Black "Tsolakidou, Stavroula"]
[Result "1-0"]
[WhiteElo "2262"]
[BlackElo "2423"]
[Annotator "TA"]
[PlyCount "81"]
[EventDate "2018.07.10"]
[EventType "team-tourn"]
[EventCountry "GRE"]
[SourceTitle "playchess.com"]
[Source "ChessBase"]
[SourceQuality "1"]

1. d4 Nf6 2. Nf3 e6 3. e3 b6 4. Bd3 Bb7 5. O-O c5 6. c4 Be7 7. Nc3 a6 8. Re1 d6 9. b3 Nbd7 10. Bb2 O-O 11. h3 cxd4 12. exd4 d5 13. Qe2 Re8 14. Rac1 Bf8 15. Red1 g6 16. Ne5 Ra7 17. cxd5 exd5 18. Nb1 Bh6 19. Rc2 Nxe5 20. dxe5 Nd7 21. Nd2 f6 22. Nf3 fxe5 23. Nxe5 Bf4 24. Bxg6 hxg6 25. Qg4 Nxe5 26. Qxf4 Qe7 27. Qg3 Ba8 28. f4 Nd7 29. Qxg6+ Kf8 30. Re2 Qc5+ 31. Bd4 Qxd4+ 32. Rxd4 Rxe2 33. f5 Ke7 34. f6+ Kd8 35. f7 Ke7 36. Qg5+ Kd6 37. Qf4+ Ke7 38. Qg5+ Kd6 39. b4 Bb7 40. Qd8 Ke5 41. Qxd7 1-0

[Event "46th GRE-chT Premier 2018"]
[Site "Rio Achaia"]
[Date "2018.07.13"]
[Round "5"]
[White "Papadopoulos, Argirios"]
[Black "Kalogeris, Ioannis"]
[Result "0-1"]
[WhiteElo "2256"]
[BlackElo "2339"]
[Annotator "NA"]
[PlyCount "42"]
[EventDate "2018.07.10"]
[EventType "team-tourn"]
[EventCountry "GRE"]
[SourceTitle "playchess.com"]
[Source "ChessBase"]
[SourceQuality "1"]

1. e4 e5 2. Nf3 Nc6 3. Bb5 Nf6 4. d3 Bc5 5. O-O Nd4 6. Nxd4 Bxd4 7. c3 Bb6 8. d4 O-O 9. dxe5 Nxe4 10. Bd3 d5 11. exd6 Nxf2 12. Rxf2 Qxd6 13. Qf3 Bg4 14. Qxg4 Qxd3 15. Qf3 Rad8 16. Nd2 Bxf2+ 17. Kxf2 Qc2 18. Kg1 Rfe8 19. Nf1 Rd1 20. Qf4 Ree1 21. Be3 Rxa1 0-1

[Event "46th GRE-chT Premier 2018"]
[Site "Rio Achaia"]
[Date "2018.07.13"]
[Round "5"]
[White "Kesidis, Odyseas"]
[Black "Karapiperis, Alexandros"]
[Result "1-0"]
[WhiteElo "2248"]
[BlackElo "1973"]
[Annotator "NA"]
[PlyCount "77"]
[EventDate "2018.07.10"]
[EventType "team-tourn"]
[EventCountry "GRE"]
[SourceTitle "playchess.com"]
[Source "ChessBase"]
[SourceQuality "1"]

1. e4 d6 2. d4 Nf6 3. Nc3 e5 4. Nge2 Nbd7 5. g3 Be7 6. Bg2 c6 7. a4 a5 8. O-O O-O 9. h3 Nb6 10. g4 h5 11. g5 Ne8 12. h4 g6 13. f4 exf4 14. Nxf4 Ng7 15. b3 Ne6 16. Nxh5 gxh5 17. Qxh5 Ng7 18. Qh6 Qd7 19. d5 Qg4 20. dxc6 bxc6 21. Bb2 f6 22. gxf6 Rxf6 23. Rxf6 Bxf6 24. Qxf6 Be6 25. Rf1 Re8 26. Qg5 Nd7 27. Qxg4 Bxg4 28. Rf2 Re6 29. Ne2 Rh6 30. Nd4 Ne5 31. Bc3 Rxh4 32. Bxa5 Bh5 33. Nf5 Nxf5 34. exf5 Rd4 35. Rf1 Rd1 36. Bc3 Rxf1+ 37. Kxf1 Bd1 38. Bxe5 dxe5 39. Be4 1-0

[Event "46th GRE-chT Premier 2018"]
[Site "Rio Achaia"]
[Date "2018.07.13"]
[Round "5"]
[White "Alexiadis, Hristos"]
[Black "Moshovakis, Aggelos"]
[Result "1/2-1/2"]
[WhiteElo "2244"]
[BlackElo "1964"]
[Annotator "NA"]
[PlyCount "113"]
[EventDate "2018.07.10"]
[EventType "team-tourn"]
[EventCountry "GRE"]
[SourceTitle "playchess.com"]
[Source "ChessBase"]
[SourceQuality "1"]

1. d4 d5 2. c4 c6 3. Nf3 Nf6 4. e3 g6 5. Nc3 Bg7 6. Be2 O-O 7. O-O b6 8. Qb3 Ba6 9. Bd2 Nbd7 10. Rfd1 e6 11. Rac1 Ne4 12. Be1 Nxc3 13. Bxc3 Qc8 14. Bf1 Qb7 15. Nd2 Rac8 16. Qa3 Nb8 17. b4 dxc4 18. Nxc4 Rfd8 19. Qb3 Qe7 20. a4 Bb7 21. Bb2 Nd7 22. Ba3 e5 23. Na5 Ba8 24. b5 c5 25. dxc5 Nxc5 26. Rxd8+ Qxd8 27. Bxc5 Rxc5 28. Rxc5 bxc5 29. Nc4 Bd5 30. a5 Bxc4 31. Bxc4 Qxa5 32. Bxf7+ Kh8 33. g3 Qd8 34. Bd5 Bf6 35. Kg2 Kg7 36. e4 h5 37. Qc4 Qd6 38. Bg8 Qf8 39. Be6 Qd6 40. Bd5 h4 41. Qc3 Qb6 42. Qd3 Qd6 43. Qa3 Qe7 44. Bc4 Qc7 45. Qd3 Qd8 46. Bd5 Qd6 47. Qa3 Qe7 48. Qa6 Qd7 49. Be6 Qc7 50. Bc4 Qd7 51. Bd5 Bd8 52. Be6 Qc7 53. Qa1 Bf6 54. Qc3 Qd6 55. Bd5 Qc7 56. Qf3 Qd7 57. Qa3 1/2-1/2